- González y González, Luis,
Entry Nombre Personal
001 - NUMERO DE CONTROL
- campo de control: 28518
003 - IDENTIFICADOR DE NUMERO DE CONTROL
- campo de control: DLC
005 - FECHA Y HORA DE LA ÜLTIMA TRANSACCIÓN
- campo de control: 20230303092456.0
008 - DATOS DE LONGITUD FIJA
- campo de control de longitud fija: 800721n| azannaabn |a aaa
010 ## - NÚMERO DE CONTROL DE LA BIBLIOTECA DEL CONGRESO
- Número de control LC: n 50035424
- Número de Control LC Cancelado/inválido: n 90709024
- Número de Control LC Cancelado/inválido: n 92048369
035 ## - NUMERO DE CONTROL
- Número de control: (OCoLC)oca00070708
040 ## - FUENTE DE CATALOGACIÓN
- Agencia original de catalogación: DLC
- Lenguaje de catalogación: spa
- Description conventions: rda
- Agencia de transcripción: DLC
- Agencia que lo modifica: CU
- Agencia que lo modifica: DLC
- Agencia que lo modifica: OCoLC
- Agencia que lo modifica: TxU
- Agencia que lo modifica: IEN
- Agencia que lo modifica: ICU
- Agencia que lo modifica: MX-MxUPN
046 ## - FECHAS CON CODIFICACIÓN ESPECIAL
- Fecha de nacimiento: 1925
- Fecha de muerte: 2003
100 1# - ENCABEZAMIENTO - NOMBRE PERSONAL
- Nombre personal: González y González, Luis,
- Fechas asociadas con el nombre: 1925-2003
370 ## - LUGAR ASOCIADO
- Place of birth: San José de Gracia, Michoacán
- Associated country: México
372 ## - CAMPO DE ACTIVIDAD
- Field of activity: Revolución Mexicana
- Field of activity: Presidencialismo mexicano -- Historia
374 ## - OCUPACIÓN
- Occupation: Historiador
- Occupation: Escritor
400 1# - VEÁSE - NOMBRE DE PERSONA
- Personal name: González, Luis,
- Dates associated with a name: 1925-
400 1# - VEÁSE - NOMBRE DE PERSONA
- Personal name: González, Luis González y
400 1# - VEÁSE - NOMBRE DE PERSONA
- Personal name: González González, Luis
670 ## - FUENTE EN LA QUE SE LOCALIZARON DATOS
- Cita de la fuente: Galería de la reforma, 1986:
- Información localizada: portada (Luis González) página 4 de la cubierta (n. San José de Gracia, Mich., 1925)
670 ## - FUENTE EN LA QUE SE LOCALIZARON DATOS
- Cita de la fuente: 12 ensayos de historia, 1986:
- Información localizada: portada (Luis González González)
670 ## - FUENTE EN LA QUE SE LOCALIZARON DATOS
- Cita de la fuente: Michoacán, 1997:
- Información localizada: reverso de la portada (Luis González)
670 ## - FUENTE EN LA QUE SE LOCALIZARON DATOS
- Cita de la fuente: Info. converted from 678, 2012-10-02
- Información localizada: (n. 1925)
670 ## - FUENTE EN LA QUE SE LOCALIZARON DATOS
- Cita de la fuente: En el sitio web Wikipedia, consultado marzo 03, 2023:
- Información localizada: (Luis González y González (San José de Gracia, Michoacán; 11 de octubre de 1925-ibid., 13 de diciembre de 2003) fue un historiador y escritor mexicano. Su área en especial, la historia de la Revolución mexicana y del presidencialismo mexicano, corresponde a algunos de sus estudios más destacados. Publicó artículos sobre la historia de América, sobre la América indígena, Vuelta, Nexos y Cahiers de l'Histoire Mondiale. Director de Historia Mexicana y Humanitas. Lo mismo que diferentes colaboraciones para enciclopedias y diccionarios especializados, en español y otros idiomas. Se distinguió como maestro de los actuales historiadores nuevos de México, y formó una forma nueva de hacer historia, sobre todo en el relato de los acontecimientos y las reflexiones y explicaciones con que el historiador los acompaña. Puede considerársele fundador de la microhistoria en México (especialmente con su libro Pueblo en vilo, sobre la pequeña población de San José de Gracia)
- Uniform Resource Identifier: https://es.wikipedia.org/wiki/Luis_Gonz%C3%A1lez_y_Gonz%C3%A1lez
902 ## - CATALOGADOR
- Catalogador: NDAF/030323
